[Event "III. World-ch for Disabled 2017"]
[Site "Dresden"]
[Date "2017.10.10"]
[Round "5.1"]
[White "Lipilin, Ilia"]
[Black "Suder, Ryszard"]
[Result "1-0"]
[WhiteElo "1883"]
[BlackElo "2061"]
[Annotator "NA RC"]
[PlyCount "139"]
[EventDate "2017.??.??"]
[EventType "swiss"]
[EventCountry "GER"]
[SourceTitle "playchess.com"]
[Source "ChessBase"]
[SourceQuality "1"]
[TimeControl "40/5400+30:1800+30"]

{[%evp 8,139,33,39,35,-6,10,32767,32767,32767,32767,32767,32767,32767,32767,31,31,8,10,-8,33,18,30,2,43,-18,-12,-14,-17,-25,-20,-68,0,-56,7,-52,16,5,15,0,0,0,0,0,0,32767,0,0,4,0,3,0,32767,32767,32767,32767,32767,32767,32767,32767,32767,32767,0,0,0,0,31,16,0,0,0,0,30,-3,-3,0,0,0,0,0,0,0,0,0,0,0,12,6,0,6,0,6,0,0,0,0,0,2,3,0,0,0,3,3,0,3,0,3,0,0,7,11,26,26,1519,6025,6303,12839,6111,29974,29962,29976,29978,29980,12841,29981,12844,29981,29981,29983,29983,29984,29984,29985]} 1. c4 {[%emt 1:30:26]} Nf6 {[%emt 1:30:26]} 2. Nc3 {[%emt 1:30:47]} d5 {[%emt 1:30:13]} 3. cxd5 {[%emt 1:30:59]} Nxd5 {[%emt 1:30:35]} 4. g3 {[%emt 1:31:17]} g6 {[%emt 1:30:13]} 5. Bg2 {[%emt 1:30:13]} Nxc3 {[%emt 1:29:56]} 6. dxc3 {[%emt 1:31:52]} Qxd1+ {[%emt 1:28:54] LiveBook: 11 Games A16: English Opening: 1...Nf6 with ...d5} 7. Kxd1 {[%emt 1:28:21]} Bg7 {[%emt 1:28:21]} (7... e5 8. Nf3 f6 9. Be3 Nc6 10. Nd2 Ne7 11. Bc5 Nf5 12. Ne4 Bxc5 13. Nxc5 Rb8 14. Kc2 {½-½ (44) Drazic,S (2511)-Turov,M (2636) Sibenik 2012}) 8. Kc2 {[%emt 1:28:21]} c6 $146 {[%emt 1:26:48]} ({Predecessor:} 8... e5 9. e4 Be6 10. Nf3 f6 11. Be3 Nd7 12. Rhd1 O-O-O 13. Nd2 h5 14. h4 {½-½ (28) Kuzmicz,K (2479)-Bulski,K (2533) Poland 2015}) 9. e4 {[%emt 1:31:26]} e5 {[%emt 1:25:32]} 10. Be3 {[%emt 1:29:31]} Be6 {[%emt 1:23:26]} 11. Rd1 {[%emt 1:29:19]} Nd7 {[%emt 1:20:13]} 12. Nf3 {[%emt 1:20:13]} f6 {[%emt 1:28:33]} 13. Rd6 {[%emt 1:25:39]} Ke7 {[%emt 1:14:02]} 14. Rhd1 {[%emt 1:25:52]} Rhd8 {[%emt 1:14:14]} 15. h4 {[%emt 1:14:14]} Nb6 {[%emt 1:00:04]} 16. Bc5 {[%emt 1:11:57]} Rxd6 {[%emt 1:11:57]} 17. Bxd6+ {[%emt 1:08:03]} Kf7 {[%emt 0:58:34]} 18. Bc5 {[%emt 0:58:34]} Bf8 {[%emt 0:56:13]} 19. Be3 {[%emt 1:03:14]} Be7 {[%emt 0:46:52]} (19... Nc4 $15 20. Bc1 a5) 20. h5 {[%emt 0:57:28]} (20. Nd2 $11) 20... g5 {[%emt 0:44:59]} (20... Nc4 $15 21. Bc1 g5) 21. Nh2 {[%emt 0:54:48]} Rd8 {[%emt 0:43:43]} 22. Rxd8 {[%emt 0:43:43]} Bxd8 {[%emt 0:44:09]} 23. g4 {[%emt 0:44:09]} Nc8 {[%emt 0:53:04]} ({Much weaker is} 23... Bxa2 $6 24. b3 $16) 24. f3 {[%emt 0:42:07]} Bb6 {[%emt 0:41:23]} ({Much weaker is} 24... Bxa2 $6 25. b3 $16) 25. Bc1 {[%emt 0:41:23]} Nd6 {[%emt 0:37:53]} ({Reject} 25... Bxa2 $6 26. b3 $16) 26. Nf1 {[%emt 0:50:14]} Bf2 {[%emt 0:34:50]} ({Much worse is} 26... Bxa2 $6 27. b3 $16) 27. b3 {[%emt 0:49:50]} Bc5 {[%emt 0:31:28]} 28. Ng3 {[%emt 0:47:56]} Ke8 {[%emt 0:30:36]} 29. Bf1 {[%emt 0:48:00]} Bf2 {[%emt 0:28:42]} 30. Ne2 {[%emt 0:48:01]} Bc5 {[%emt 0:28:35]} 31. Bd2 {[%emt 0:47:37]} Bf2 {[%emt 0:28:02]} 32. Nc1 {[%emt 0:47:31]} Bg1 {[%emt 0:26:23]} 33. Be2 {[%emt 0:47:09]} Kd7 {[%emt 0:25:52]} 34. Nd3 {[%emt 0:47:09]} Nf7 {[%emt 0:25:32]} 35. Bc1 {[%emt 0:46:48]} b6 {[%emt 0:21:40]} 36. a4 {[%emt 0:45:42]} c5 {[%emt 0:20:13]} 37. Ba3 {[%emt 0:41:59]} Nd6 {[%emt 0:19:24]} 38. Nb2 {[%emt 0:41:42]} Kc6 {[%emt 0:17:27]} 39. Ba6 {[%emt 0:40:05]} Bc8 {[%emt 0:15:20]} 40. Bc4 {[%emt 0:37:27]} Nxc4 {[%emt 0:14:38]} 41. Nxc4 {[%emt 0:37:51]} Be6 {[%emt 0:14:30]} 42. Nb2 {[%emt 0:36:59]} a6 {[%emt 0:12:59]} 43. Nd3 {[%emt 0:36:00]} b5 {[%emt 0:09:18]} 44. axb5+ {[%emt 0:35:20]} axb5 {[%emt 0:09:39]} 45. Bc1 {[%emt 0:34:42]} Bxb3+ {[%emt 0:07:56]} 46. Kxb3 {[%emt 0:34:49]} c4+ {[%emt 0:08:19]} 47. Kc2 {[%emt 0:34:47]} cxd3+ {[%emt 0:08:43]} 48. Kxd3 {[%emt 0:34:54]} Bc5 {[%emt 0:07:44]} 49. Kc2 {[%emt 0:34:48]} Bd6 {[%emt 0:06:12]} 50. Kb3 {[%emt 0:34:52]} Be7 {[%emt 0:04:45]} 51. c4 {[%emt 0:04:45]} bxc4+ {[%emt 0:33:00]} 52. Kxc4 {[%emt 1:03:26]} Bd8 {[%emt 0:28:39]} 53. Ba3 {[%emt 1:03:40]} Kd7 {[%emt 0:29:00]} 54. Kd5 {[%emt 1:03:25]} Ba5 {[%emt 0:29:14]} 55. Bb2 {[%emt 1:01:47]} Bc7 {[%emt 1:01:47]} 56. Bc3 {[%emt 1:02:00]} Bb8 {[%emt 0:29:44]} 57. Bb4 {[%emt 1:01:53]} Bc7 {[%emt 0:30:01]} 58. Bd2 {[%emt 1:00:51]} Bd6 {[%emt 0:29:59]} 59. Ba5 {[%emt 1:00:55]} Bb8 {[%emt 1:00:55]} 60. Bb6 {[%emt 1:01:07]} Bd6 $2 {[%emt 0:30:35] [#]} (60... Ke7 $11) 61. Bd8 $1 {[%emt 0:59:49]} Be7 {[%emt 0:30:41] [#]} 62. Bxe7 $1 {[%emt 0:31:05]} Kxe7 {[%emt 0:31:05] [#]} 63. Kc6 $1 {[%emt 1:00:18]} Ke6 {[%emt 0:29:08]} 64. Kc7 {[%emt 1:00:36]} Ke7 {[%emt 0:29:10] [#]} 65. h6 $1 {[%emt 1:00:02]} Ke6 {[%emt 0:25:20] [#]} 66. Kd8 $1 {[%emt 0:25:20]} Kf7 {[%emt 0:25:33]} 67. Kd7 {[%emt 1:00:00]} Kg6 {[%emt 0:25:06]} 68. Ke6 {[%emt 1:00:15]} Kxh6 {[%emt 0:25:16]} 69. Kf7 {[%emt 0:59:26]} f5 {[%emt 0:25:32]} 70. gxf5 {[%emt 0:59:42]} 1-0

[Event "III. World-ch for Disabled 2017"]
[Site "Dresden"]
[Date "2017.10.10"]
[Round "5.2"]
[White "Wielecki, Zygmunt"]
[Black "Kireeva, Ljubov"]
[Result "1-0"]
[WhiteElo "2199"]
[BlackElo "1939"]
[Annotator "TA"]
[PlyCount "126"]
[EventDate "2017.??.??"]
[EventType "swiss"]
[EventCountry "GER"]
[SourceTitle "playchess.com"]
[Source "ChessBase"]
[SourceQuality "1"]

{[%evp 9,126,83,100,103,120,102,177,115,117,100,168,149,181,106,220,206,222,190,227,166,164,177,169,99,102,82,86,89,85,50,54,53,43,43,66,77,78,71,85,81,84,0,0,0,87,80,83,87,83,86,92,79,83,79,96,105,117,90,146,103,81,52,123,87,185,172,176,182,231,223,224,227,229,185,228,221,327,332,358,349,347,343,348,351,345,335,320,239,239,208,683,671,785,781,810,695,712,703,910,913,875,874,908,871,29981,29982,29982,29983,29969,29969,29992,29993,29994,29995,29996,29995,29996,29995,29995]} 1. d4 f5 2. e4 d6 3. exf5 Bxf5 4. Bd3 Bxd3 (4... Qd7 5. Ne2 Nf6 6. O-O Nc6 7. c4 e5 8. d5 Ne7 9. Nbc3 g6 10. Ng3 Bg7 11. f4 exf4 12. Bxf4 Bxd3 13. Qxd3 {1-0 (28) Jenni,F (2520)-Buecker,S (2354) playchess.com INT 2006}) 5. Qxd3 Nf6 6. Qb5+ {A82: Dutch Defence: Staunton Gambit} Nbd7 7. Qxb7 h6 $146 (7... Rb8 $16 8. Qxa7 c5) ({Predecessor:} 7... g6 8. Nc3 Bg7 9. Nge2 O-O 10. O-O Nb6 11. Qa6 Qd7 {0-1 (32) Iwannek,R (1750)-Koch,D (1593) Dortmund 2002}) 8. Qb3 (8. Qc6 $18) 8... c5 $16 9. Nf3 Qc7 (9... cxd4 $16 10. Nxd4 Qb6) 10. Qd3 Kf7 11. O-O (11. d5 $1 $18) 11... c4 (11... cxd4 $16 12. Nxd4 e5) 12. Qe2 $18 e6 13. Nc3 a6 14. Ne4 Nxe4 15. Qxe4 d5 16. Qe2 (16. Qh4 $18) 16... Bd6 $16 17. g3 Rhe8 18. Nh4 Nf6 19. Ng2 e5 20. dxe5 Bxe5 21. Qf3 Rab8 22. c3 d4 23. cxd4 Bxd4 {[#]} 24. Bf4 $1 {[%cal Rf4c7]} Qb7 {[#]} 25. Qxb7+ (25. Nh4 $1 $16 Qxf3 26. Nxf3 Bxb2 27. Bxb8 Bxa1 28. Rxa1 Rxb8 29. Ne5+ Ke6 30. Nxc4) 25... Rxb7 $11 26. Rac1 Rc8 (26... Re4 $11) 27. b3 $1 $16 c3 28. Rfd1 $36 {[%mdl 2048] White is really pushing.} Rd7 29. Be3 Be5 {next ...Rxd1+ is good for Black.} 30. Rxd7+ Nxd7 31. Ne1 Ke6 32. Nc2 Nf6 33. Kf1 h5 ({Black should play} 33... Nd5) 34. h3 Nd5 35. Ke2 Bd6 (35... a5 $14) 36. Rd1 Bc5 (36... Nxe3 $16 {is a better defense.} 37. Nxe3 (37. Kxe3 Bc5+ 38. Ke2 g5 $16) 37... g5) 37. Bxc5 $18 Rxc5 {[%mdl 4096] Endgame KRN-KRN} 38. Kd3 Ra5 39. a3 Rc5 40. Nd4+ Kf6 41. Ne2 Ke5 42. Rc1 Nf6 (42... Ra5 $142 43. a4 (43. Nxc3 Nxc3 44. f4+ Kf5 $16) 43... c2 44. f4+ (44. Kxc2 Rc5+ 45. Kd3 Nb4+ 46. Ke3 Nd5+ 47. Kd3 Nb4+ 48. Ke3 Nd5+ 49. Kd2 Rxc1 $18) 44... Kd6) 43. f4+ ({Don't play} 43. Rxc3 Rd5+ 44. Ke3 Kd6 $18) ({Don't take} 43. Nxc3 Ke6 $18) 43... Ke6 44. Rxc3 Rd5+ 45. Nd4+ Kd7 46. b4 g6 47. a4 Rd6 48. b5 Nd5 49. Rc5 Nb4+ $2 (49... h4 50. bxa6 Nb4+ 51. Kc4 Nxa6) 50. Kc4 a5 {[#]} 51. Nc6 $1 Nc2 (51... Nxc6 52. Rxc6) 52. Ne5+ Ke7 53. Rc7+ Kd8 54. Rg7 {Black must now prevent Nf7+.} Ne3+ 55. Kc5 {And now Nf7+ would win.} Rd5+ 56. Kc6 Rd6+ 57. Kxd6 {[%cal Rg7g8] White mates.} Nf5+ 58. Kc6 Nxg7 59. b6 {[%cal Bb5b6,Bb6b7][%mdl 32]} Ne6 60. b7 Nd4+ 61. Kb6 Z0 62. h4 Z0 63. g4 Nc6 {Precision: White = 60%, Black = 40%.} 1-0

[Event "III. World-ch for Disabled 2017"]
[Site "Dresden"]
[Date "2017.10.10"]
[Round "5.3"]
[White "Raibl, Zoltan"]
[Black "Bagi, Mate"]
[Result "1/2-1/2"]
[WhiteElo "2015"]
[BlackElo "2446"]
[Annotator "TA"]
[PlyCount "35"]
[EventDate "2017.??.??"]
[EventType "swiss"]
[EventCountry "GER"]
[SourceTitle "playchess.com"]
[Source "ChessBase"]
[SourceQuality "1"]

{[%evp 19,35,14,48,5,9,14,10,8,8,6,10,2,72,0,7,0,58,0]} 1. d4 Nf6 2. c4 e6 3. Nc3 d5 4. Bg5 c6 5. e3 Nbd7 6. cxd5 exd5 7. Bd3 Be7 8. Nf3 O-O 9. O-O Ne4 10. Bf4 f5 {LiveBook: 5 Games} 11. Ne5 {D35: Queen's Gambit Declined: Exchange Variation} (11. h3 Qe8 12. Qc2 Qg6 13. Ne2 Qf6 14. a3 a5 15. Rab1 a4 16. Rbc1 Bd6 17. Rfe1 Kh8 18. h4 Qe7 {½-½ (43) Brugger,A (2501)-Copar,A (2502) ICCF email 2012}) 11... Nxe5 12. Bxe5 Bd6 13. f4 {The position is equal.} Be6 $146 ({Predecessor:} 13... Bxe5 14. fxe5 Be6 15. Ne2 Ng5 16. Nf4 Bc8 17. Qh5 g6 18. Qh6 Ne6 19. Nxg6 hxg6 20. Qxg6+ {1-0 (28) Diaz,F (1941)-Vazquez,G (1894) Asuncion 2009}) 14. Qe2 Qe7 15. Qc2 Qc7 {[#]} (15... h5 $11 {keeps the balance.}) 16. Qe2 (16. g4 $1 $16 {[%mdl 512]}) 16... Qe7 $11 17. Qc2 Qc7 (17... Rad8 $11) 18. Qe2 (18. g4 $14) 1/2-1/2

[Event "III. World-ch for Disabled 2017"]
[Site "Dresden"]
[Date "2017.10.10"]
[Round "6.1"]
[White "Varezhkin, Viktor"]
[Black "Lipilin, Ilia"]
[Result "1-0"]
[WhiteElo "2243"]
[BlackElo "1883"]
[Annotator "NA"]
[PlyCount "138"]
[EventDate "2017.??.??"]
[EventType "swiss"]
[EventCountry "GER"]
[SourceTitle "playchess.com"]
[Source "ChessBase"]
[SourceQuality "1"]
[TimeControl "40/5400+30:1800+30"]

{[%evp 8,123,18,14,10,28,14,6,18,32767,18,20,20,6,33,21,45,29,73,74,81,84,97,93,100,83,102,22,47,29,26,9,9,8,8,8,6,4,14,0,13,0,0,0,22,-8,-1,-13,10,10,17,6,12,5,11,14,17,6,16,0,8,0,12,2,4,0,4,2,20,11,32767,32767,32767,32767,32767,32767,32767,32767,32767,85,89,79,79,0,73,89,85,75,85,89,85,85,126,126,126,126,126,120,120,107,119,123,133,120,133,126,123,53,62,62,53,37,37,35,41,3,12845,1028]} 1. d4 {[%emt 0:00:00]} d5 {[%emt 1:30:17]} 2. Nf3 {[%emt 1:30:50]} Nf6 {[%emt 1:30:50]} 3. g3 {[%emt 1:31:14]} e6 {[%emt 1:30:49]} 4. Bg2 {[%emt 1:31:39]} c5 {[%emt 1:31:39]} 5. O-O {[%emt 1:32:04]} Nc6 {[%emt 1:32:04]} 6. c4 {[%emt 1:32:25]} dxc4 {[%emt 1:31:01]} 7. Qa4 {[%emt 1:32:51]} Bd7 {[%emt 1:30:01]} 8. Qxc4 {[%emt 1:30:01]} cxd4 {[%emt 1:27:43]} 9. Nxd4 {[%emt 1:27:04]} Rc8 {[%emt 1:26:30]} 10. Nc3 {[%emt 1:24:07]} Qb6 {[%emt 1:12:25]} 11. Nxc6 {[%emt 1:11:11] LiveBook: 17 Games} Bxc6 {[%emt 1:11:11]} 12. Be3 {[%emt 1:10:38]} Qb4 {[%emt 0:47:47]} 13. Qxb4 {[%emt 1:09:55]} Bxb4 {[%emt 0:47:59]} 14. Bxa7 {[%emt 1:09:50]} Bxc3 {[%emt 0:48:02]} 15. bxc3 {[%emt 1:09:43]} Bxg2 {[%emt 0:48:08]} 16. Kxg2 {[%emt 1:10:09]} Rxc3 {[%emt 0:47:30]} 17. Bd4 {[%emt 1:00:53]} (17. Rfb1 $16) 17... Rc7 {[%emt 0:43:57]} 18. Rab1 {[%emt 0:56:29]} O-O {[%emt 0:41:23]} 19. Rb2 {[%emt 0:56:27]} Ra8 {[%emt 0:39:52]} 20. Rfb1 {[%emt 0:56:31]} h6 {[%emt 0:39:50]} 21. Be5 {[%emt 0:50:27]} Rd7 {[%emt 0:39:41]} 22. Rc1 {[%emt 0:50:09]} b5 {[%emt 0:50:09]} 23. Rcc2 {[%emt 0:26:55]} Rda7 {[%emt 0:25:25]} 24. Bd4 {[%emt 0:47:03]} Ra4 {[%emt 0:25:00]} 25. e3 {[%emt 0:43:00]} Nd5 {[%emt 0:18:03]} 26. Rd2 {[%emt 0:38:07]} b4 {[%emt 0:17:32]} 27. Bc5 {[%emt 0:29:49]} Nc3 {[%emt 0:29:49]} 28. Bxb4 {[%emt 0:29:01]} Nxa2 {[%emt 0:29:01]} 29. Bc5 {[%emt 0:17:26]} Nc3 {[%emt 0:17:10]} 30. Bd4 {[%emt 0:17:10]} Nd5 {[%emt 0:16:31]} 31. h4 {[%emt 0:21:04]} Nb4 {[%emt 0:14:53]} 32. Bc5 {[%emt 0:20:23]} Nd5 {[%emt 0:14:44]} 33. Kf3 {[%emt 0:20:04]} Rc4 {[%emt 0:20:04]} 34. Bd4 {[%emt 0:18:37]} Ne7 {[%emt 0:13:03]} 35. Rb7 {[%emt 0:16:39]} Nc6 {[%emt 0:12:16]} 36. Bb2 {[%emt 0:11:51]} Na5 {[%emt 0:11:54]} 37. Rb5 {[%emt 0:10:03]} Nc6 {[%emt 0:11:07]} 38. Ke2 {[%emt 0:05:17]} Rb4 {[%emt 0:09:53]} 39. Rc5 {[%emt 0:05:11]} Ra2 {[%emt 0:09:13]} 40. Bxg7 {[%emt 0:05:05]} Rxd2+ {[%emt 0:06:09]} 41. Kxd2 {[%emt 0:06:09]} Kxg7 {[%emt 0:05:41]} 42. Rxc6 {[%emt 0:05:49]} Rb2+ {[%emt 0:05:36]} 43. Ke1 {[%emt 0:06:13]} Kg6 {[%emt 0:04:45]} 44. Rd6 {[%emt 0:06:25]} Kf5 {[%emt 0:04:21]} 45. Rd2 {[%emt 0:06:42]} ({White should play} 45. Kf1 $16) 45... Rb4 {[%emt 0:04:03]} (45... Rxd2 $1 $11 {keeps the balance.} 46. Kxd2 Kg4) 46. Ke2 {[%emt 0:06:34]} Ra4 {[%emt 0:04:14]} 47. Rb2 {[%emt 0:04:14]} Kg6 {[%emt 0:04:01]} 48. Rb3 {[%emt 0:06:52]} Ra2+ {[%emt 0:04:17]} 49. Kf3 {[%emt 0:07:16]} Kf6 {[%emt 0:07:16]} 50. Rb5 {[%emt 0:04:14]} Kg6 {[%emt 0:07:02]} 51. g4 {[%emt 0:07:08]} Ra4 {[%emt 0:04:35]} 52. Kg3 {[%emt 0:06:17]} Re4 {[%emt 0:04:39]} 53. Rb6 {[%emt 0:04:39]} Kf6 {[%emt 0:04:45]} 54. Rb3 {[%emt 0:05:00]} Ra4 {[%emt 0:04:32]} 55. Rb8 {[%emt 0:04:59]} Kg7 {[%emt 0:04:09]} 56. Rb5 {[%emt 0:04:49]} Kg6 {[%emt 0:04:24]} 57. g5 {[%emt 0:05:03]} ({White should try} 57. f3 $16) 57... Ra1 {[%emt 0:05:03]} 58. gxh6 {[%emt 0:04:34]} Kxh6 {[%emt 0:04:34]} 59. Rg5 {[%emt 0:04:19]} Rg1+ {[%emt 0:04:24]} 60. Kf4 {[%emt 0:03:26]} Rh1 {[%emt 0:03:34]} 61. Ke5 {[%emt 0:02:55]} Rxh4 $2 {[%emt 0:01:34]} (61... Rh2 $11) 62. Kf6 $18 {[%emt 0:02:44]} Rh2 {[%emt 0:28:59]} 63. f4 {[%emt 0:32:00]} Re2 {[%emt 0:28:30]} 64. Re5 {[%emt 0:32:18]} Ra2 {[%emt 0:28:12]} 65. Kxf7 {[%emt 0:32:42]} Ra7+ {[%emt 0:28:27]} 66. Kf6 {[%emt 0:33:02]} Kh7 {[%emt 0:28:39]} 67. Rxe6 {[%emt 0:33:08]} Kg8 {[%emt 0:29:00]} 68. Re7 {[%emt 0:33:31]} Z0 {[%emt 0:33:31]} 69. e4 {[%emt 0:33:31] Bf8 0:33:31} Z0 {[%emt 0:33:31] Qc2+ 0:33:31} 1-0

[Event "III. World-ch for Disabled 2017"]
[Site "Dresden"]
[Date "2017.10.10"]
[Round "6.2"]
[White "Gerasimova, Olga"]
[Black "Wielecki, Zygmunt"]
[Result "0-1"]
[WhiteElo "2055"]
[BlackElo "2199"]
[Annotator "TA"]
[PlyCount "71"]
[EventDate "2017.??.??"]
[EventType "swiss"]
[EventCountry "GER"]
[SourceTitle "playchess.com"]
[Source "ChessBase"]
[SourceQuality "1"]

{[%evp 11,71,54,41,21,13,10,12,0,10,8,24,22,20,16,26,0,22,-13,-14,-22,-9,-61,43,-38,-47,-121,-89,-87,-52,-38,-48,-49,-20,-4,-6,-10,-11,-18,0,-54,0,0,14,-58,-67,-108,-110,-258,-257,-300,-213,-284,-281,-279,-283,-327,261,-221,361,-304,329,-255]} 1. e4 e6 2. d4 d5 3. Nc3 Bb4 4. Qg4 Bf8 5. e5 Qd7 6. Bd3 {C16: French: 3 Nc3 Bb4 4 e5: Lines without ...c5} (6. Bg5 b6 7. f4 Ba6 8. Bxa6 Nxa6 9. O-O-O Nb4 10. Nge2 h6 11. Qh3 Ne7 12. Bxe7 Bxe7 13. Rhf1 g6 14. g4 O-O-O 15. a3 Nc6 {1-0 (42) Novikov,S (2559)-Morozov,G (2350) Moscow 2014}) 6... b6 {LiveBook: 4 Games} 7. Nh3 (7. Be3 {keeps more tension.} h5 8. Qd1 c5 9. Nf3 Nc6 10. O-O) 7... Ba6 8. Bxa6 {The position is equal.} Nxa6 9. Qe2 Nb8 10. O-O Nc6 11. Be3 Nge7 $146 ({Predecessor:} 11... O-O-O 12. a4 Na5 13. Nb1 Ne7 14. Nd2 Nec6 {1-0 (36) Arnold,L-Deutschmann,M Schonach 1979}) 12. Rad1 h5 13. a3 Na5 14. b3 Nf5 15. Nb1 Be7 16. Qd3 (16. Nf4 $11) 16... O-O-O (16... c5 $15) 17. Bd2 (17. Nd2 $1 $14) 17... Nc6 $15 18. Qa6+ Kb8 19. c3 Na5 20. b4 $1 {[%cal Rb4a5]} Nc4 21. Bc1 Rhg8 22. Nd2 Nxd2 23. Bxd2 g5 $36 {[%mdl 2048] Black is more active.} 24. a4 h4 (24... f6 {seems wilder.} 25. Rde1 fxe5 26. Rxe5 Bf6 27. Re2 Nd6) 25. b5 ({White should play} 25. a5 $11) 25... Qc8 (25... g4 $15 26. Nf4 Qc8) 26. Qxc8+ $11 Rxc8 27. Rfe1 (27. g4 $11 hxg3 28. fxg3) 27... c6 $15 {[%cal Bc7c6,Bc6c5][%mdl 32]} 28. Kf1 c5 29. a5 (29. dxc5 $17 Rxc5 30. g4 hxg3 31. hxg3) 29... bxa5 $19 30. Ra1 Bd8 31. Be3 cxd4 32. cxd4 Kb7 33. g4 Z0 $4 {[%mdl 8192] [#]} (33... hxg3 $19 34. hxg3 Bb6) 34. Ng1 $4 {[%mdl 8192]} (34. gxf5 $18 exf5 35. Bd2) 34... Ra8 $4 {[%mdl 8192]} (34... Nxe3+ $19 35. fxe3 Be7) 35. Bc1 $4 {[%mdl 8192]} (35. gxf5 $18 Rc8 36. fxe6 fxe6 37. Ne2) 35... Z0 $4 {[%mdl 8192]} (35... Nxd4 $19 {and all is fine. aiming for ...Nc2.} 36. Ra4 Bb6) 36. b6 $4 {[%mdl 8192] Precision: White = 32%, Black = 38%.} (36. gxf5 $18 Bb6 37. fxe6 fxe6 38. Ne2) 0-1